000
00289nam a22001097a 4500
008
160613b xxu||||| |||| 00| 0 eng d
020
_a
1558102159
041
_a
eng
080
_a
618.2
245
_a
Nursing / Scope and standards of practice :
_c
American Nurses Association.
942
_2
udc
_c
BK
999
_c
2445
_d
2445